00491nam a2200193 a 4500001001300000003000900013005001700022008004100039020001000080082001700090100002600107245002500133260003400158300000900192500003500201505001000236650002500246700002600271nice12345678IN_TiNIC20260116011537.0050524s1902 boma grp 000 0 per  ac10000a891.51bHAF2 aHafiz, Khwaja Shirazi aGhazaliyat (persian) aBombaybKhursheed Pressc1902 a409p aincludes index and biblioraphy2 aIndex aPersian Poetry-Hafiz1 aHafiz, Khwaja Shirazi